000 00956nam a2200241 i 4500
003 DO-SdBNP
005 20240917102726.0
007 ta
008 240917s1929 dr 000 j spa d
040 _aDO-SdBNP
_bspa
_cBNPHU
_erda
082 _bP349
_222
100 _aPeña Batlle, Manuel Arturo,
_d1902-1952
_98406
_eautor
245 1 0 _aAntecedentes históricos y sociológicos de la anexion a España /
_cManuel Arturo Peña Batlle
264 1 _a[República Dominicana] :
_b[editor no identificado],
_c[1929].
300 _a[14] páginas,
_c23 cm.
336 _2rdacontent
_atexto
_btxt
337 _2rdamedia
_asin mediación
_bn
338 _2rdacarrier
_avolumen
_bnc
500 _aExtracto extraído y encuadernado por Carlos Larrazábal Blanco. Antecedentes históricos y sociológicos de la anexión a España. El Día Estético, año 1, No. 2, Santo Domingo, 1929.
590 _aInventariado, 2024/ YL
910 _aYLockward
942 _2ddc
_cLF2
999 _c57703
_d57703